Statistics for Boston Celtics Top 10 Leaders

Click here to take the quiz!

General Stats

  • This quiz has been taken 2,086 times
    (1,087 since last reset)
  • The average score is 15 of 25

Answer Stats

Player% Correct
Larry Bird
97%
Bill Russell
96%
Paul Pierce
92%
Bob Cousy
89%
Kevin Garnett
89%
John Havlicek
88%
Kevin McHale
83%
Robert Parish
82%
Rajon Rondo
80%
Sam Jones
66%
K.C. Jones
64%
Al Horford
60%
Dee Brown
59%
Dave Cowens
56%
Marcus Smart
54%
Jo Jo White
52%
Dennis Johnson
43%
Kendrick Perkins
39%
Antoine Walker
37%
Tom Heinsohn
36%
Danny Ainge
31%
Cedric Maxwell
29%
Reggie Lewis
19%
Tom Sanders
14%
Don Nelson
11%

Score Distribution

Percentile by Number Answered

Percent of People with Each Score

Your Score History

You have not taken this quiz since the last reset